000 00474nam a2200193Ia 4500
005 20240823050030.0
008 240823s9999||||xx |||||||||||||| ||und||
020 _a978-0-273-73418-5
041 _aENGLISH
082 _A168 Q1
100 _aJonathan Herring
245 0 _aHow to Argue Powerfully Persuasively positively
250 _a1st
260 _c2011
_b"Pearson Education,New "
500 _aYES
650 _aArgue
_bGeneral
942 _cBK
999 _c216325
_d216325